No-nonsense cover letters : (Record no. 140199)

MARC details
000 -LEADER
fixed length control field 00954cam a2200241 a 4500
001 - CONTROL NUMBER
control field vtls003222221
003 - CONTROL NUMBER IDENTIFIER
control field MY-SjTCS
005 - DATE AND TIME OF LATEST TRANSACTION
control field 20200226114920.0
008 - FIXED-LENGTH DATA ELEMENTS--GENERAL INFORMATION
fixed length control field 110810s2007 nju 001 0 eng
020 ## - INTERNATIONAL STANDARD BOOK NUMBER
International Standard Book Number 9781564149060 (pbk.)
020 ## - INTERNATIONAL STANDARD BOOK NUMBER
International Standard Book Number 1564149064 (pbk.)
039 #9 - LEVEL OF BIBLIOGRAPHIC CONTROL AND CODING DETAIL [OBSOLETE]
Level of rules in bibliographic description 201110281047
Level of effort used to assign nonsubject heading access points pushpa
Level of effort used to assign subject headings 201110271402
Level of effort used to assign classification siew_eng
-- 201108101051
-- malathy
082 04 - DEWEY DECIMAL CLASSIFICATION NUMBER
Classification number 650.142
Item number ENE 2007
100 1# - MAIN ENTRY--PERSONAL NAME
Personal name Enelow, Wendy S.
9 (RLIN) 35218
245 10 - TITLE STATEMENT
Title No-nonsense cover letters :
Remainder of title the essential guide to creating attention-grabbing cover letters that get interviews and job offers /
Statement of responsibility, etc. Wendy S. Enelow and Arnold G. Boldt.
260 ## - PUBLICATION, DISTRIBUTION, ETC.
Place of publication, distribution, etc. Franklin Lakes, NJ :
Name of publisher, distributor, etc. The Career Press,
Date of publication, distribution, etc. 2007.
300 ## - PHYSICAL DESCRIPTION
Extent 240 p. ;
Dimensions 26 cm.
504 ## - BIBLIOGRAPHY, ETC. NOTE
Bibliography, etc. note Includes bibliographical references and index.
650 #0 - SUBJECT ADDED ENTRY--TOPICAL TERM
Topical term or geographic name entry element Cover letters
Form subdivision Handbooks, manuals, etc.
650 #0 - SUBJECT ADDED ENTRY--TOPICAL TERM
Topical term or geographic name entry element Applications for positions
Form subdivision Handbooks, manuals, etc.
700 1# - ADDED ENTRY--PERSONAL NAME
Personal name Boldt, Arnold G.
9 (RLIN) 35219
920 ## - Programme
Programme SECR : 170558
Holdings
Withdrawn status Lost status Source of classification or shelving scheme Damaged status Not for loan Home library Current library Date acquired Total Checkouts Barcode Date last seen Date last checked out Copy number Uniform Resource Identifier Koha item type Public note
    Dewey Decimal Classification     Taylor's Library-TU Taylor's Library-TU 15/09/2011 5 5000122824 05/12/2019 16/10/2012 1 Floor 4, Shelf 22 , Side 1, TierNo 3, BayNo 5 Main Collection SECRx,SECRx,03,GR